Lanean...
SUICIDE: A CHALLENGE FOR HUMAN LIFE
| Egile nagusia: | |
|---|---|
| Formatua: | Journal Article |
| Argitaratua: |
SAJOSPS
2009
|
| LEADER | 00328nam a22001097a 4500 | ||
|---|---|---|---|
| 100 | |a G. SUNDARAVADIVEL |9 28621 | ||
| 245 | |a SUICIDE: A CHALLENGE FOR HUMAN LIFE | ||
| 260 | |b SAJOSPS |c 2009 | ||
| 300 | |a p.65-68 |b January-June | ||
| 942 | |c JA | ||
| 999 | |c 80695 |d 80695 | ||
| 952 | |0 0 |1 0 |4 0 |7 0 |9 72715 |a MGUL |b MGUL |c JA |d 2016-03-05 |l 0 |r 2016-03-05 |w 2016-03-05 |y JA | ||